Southville International School and Colleges
Your cart is empty.
  • Cart
  • Lists
    Public lists Eva Luna New books Lux_list list_1
    Your lists Log in to create your own lists
  • Log in to your account
  • Your cookies
  • Search history
Southville International School and Colleges
  • Advanced search
  • Recent comments
  • Most popular
  • Libraries

Log in to your account

Log in with GOOGLE


If you do not have an external account, but do have a local account, you can still log in:

  1. Home
  2. MARC view: 101 English verbs :
Normal view MARC view ISBD view

101 English verbs : (Record no. 115750)

[ view plain ]
MARC details
000 -LEADER
fixed length control field 00613nam a2200193Ia 4500
008 - FIXED-LENGTH DATA ELEMENTS--GENERAL INFORMATION
fixed length control field 140429s9999 xx 000 0 und d
020 ## - INTERNATIONAL STANDARD BOOK NUMBER
International Standard Book Number 9780071499040
050 ## - LIBRARY OF CONGRESS CALL NUMBER
Classification number PE 1271
Item number .R69 2007
100 ## - MAIN ENTRY--PERSONAL NAME
Personal name Ryder, Rory
245 ## - TITLE STATEMENT
Title 101 English verbs :
Remainder of title the art of conjugation /
Statement of responsibility, etc Rory Ryder ; illustrated by : Francisco Garnica.
260 ## - PUBLICATION, DISTRIBUTION, ETC. (IMPRINT)
Place of publication, distribution, etc Chicago :
Name of publisher, distributor, etc McGraw-Hill,
Date of publication, distribution, etc c2007.
300 ## - PHYSICAL DESCRIPTION
Extent 108 p. :
Other physical details col. ill. ;
Dimensions 22 cm.
500 ## - GENERAL NOTE
General note Includes index.
521 ## - TARGET AUDIENCE NOTE
Target audience note
650 ## - SUBJECT ADDED ENTRY--TOPICAL TERM
Topical term or geographic name as entry element English language
General subdivision Textbooks for foreign speakers.
650 ## - SUBJECT ADDED ENTRY--TOPICAL TERM
Topical term or geographic name as entry element English language
General subdivision Verb.
942 ## - ADDED ENTRY ELEMENTS (KOHA)
Call number prefix Foreign
Koha item type Books
Holdings
Withdrawn status Lost status Source of classification or shelving scheme Damaged status Home library Current library Shelving location Date acquired Source of acquisition Cost, normal purchase price Total Checkouts Total Renewals Full call number Barcode Date last seen Date checked out Price effective from Koha item type
    Library of Congress Classification   College Library College Library General Circulation Section 04/29/2014 Library Fund 688.00 2 6 PE 1271 .R69 2007 C16900 05/15/2018 09/22/2015 04/29/2014 Books

101 English verbs :

APA

Ryder R., . (2007). 101 English verbs. Chicago: McGraw-Hill.

Chicago

Ryder Rory, . 2007. 101 English verbs. Chicago: McGraw-Hill.

Harvard

Ryder R., . (2007). 101 English verbs. Chicago: McGraw-Hill.

MLA

Ryder Rory, . 101 English verbs. Chicago: McGraw-Hill. 2007.

  • Place hold
  • Print
  • Cite
  • Add to your cart (remove)
  • Save record
    BIBTEX Dublin Core MARCXML MARC (non-Unicode/MARC-8) MARC (Unicode/UTF-8) MARC (Unicode/UTF-8, Standard) MODS (XML) RIS
  • More searches
    Search for this title in:
    Other Libraries (WorldCat) Other Databases (Google Scholar) Online Stores (Bookfinder.com) Open Library (openlibrary.org)

Exporting to Dublin Core...

SOUTHVILLE LIBRARY

Southville International School and Colleges Library

1281 Tropical Ave. Cor. Luxembourg St., BF Homes International, Las Pinas City

Tel. No. 8256374 / 252358 Loc. 117/146

Powered by Koha